000 00410nam a22001577a 4500
008 151107b xxu||||| |||| 00| 0 eng d
020 _a978-93-5115-564-5
082 _aDC 647.95
_bC65
245 _aCoffee shop startup
260 _aUAE:
_b3G Elearning FZ LLC;
_cc2015.
300 _a78 pages;
_c23 cm.
650 0 _9337
_aRestaurants
650 0 _9338
_aCoffee shops
365 _b995.00
_cPHP.
942 _2ddc
_cDC
999 _c197
_d197